Najlepsi Strzelcy Sezonowo FC Barcelony 1990-2023 - Statystyki

Ogólne statystyki
  • Ten quiz został rozwiązany 490 razy
  • Średni wynik to 27 z 35
Statystyki odpowiedzi
Sezon Kraj Liczba Bramek Pozycja Odpowiedź % Poprawnych
2008/09 Argentyna 38 RW Lionel Messi
98%
2009/10 Argentyna 47 RW Lionel Messi
98%
2010/11 Argentyna 53 RW Lionel Messi
98%
2011/12 Argentyna 73 RW Lionel Messi
98%
2012/13 Argentyna 60 RW Lionel Messi
98%
2013/14 Argentyna 41 RW Lionel Messi
98%
2014/15 Argentyna 58 RW Lionel Messi
98%
2016/17 Argentyna 54 RW Lionel Messi
98%
2017/18 Argentyna 45 RW Lionel Messi
98%
2018/19 Argentyna 51 RW Lionel Messi
98%
2019/20 Argentyna 31 RW Lionel Messi
98%
2020/21 Argentyna 38 RW Lionel Messi
98%
2022/23 Polska 33 ST Robert Lewandowski
96%
2015/16 Urugwaj 59 ST Luis Suarez
95%
2003/04 Brazylia 22 LW Ronaldinho
89%
2006/07 Brazylia 24 LW Ronaldinho
89%
2004/05 Kamerun 29 ST Samuel Eto'o
81%
2005/06 Kamerun 32 ST Samuel Eto'o
81%
2007/08 Francja 19 ST Thierry Henry
81%
2021/22 Gabon 13 ST Pierre-Emerick Aubameyang
77%
2021/22 Holandia 13 ST Memphis Depay
74%
1997/98 Brazylia 28 CF Rivaldo
70%
1998/99 Brazylia 29 CF Rivaldo
70%
2000/01 Brazylia 36 CF Rivaldo
70%
1990/91 Bułgaria 22 LW Hristo Stoichkov
69%
1991/92 Bułgaria 22 LW Hristo Stoichkov
69%
1992/93 Bułgaria 23 LW Hristo Stoichkov
69%
1994/95 Bułragia 17 LW Hristo Stoichkov
69%
1989/90 Holandia 19 CB Ronald Koeman
63%
1996/97 Brazylia 47 ST Ronaldo Nazario
54%
1993/94 Brazylia 32 ST Romario
48%
1999/20 Holandia 25 ST Patrick Kluivert
45%
2001/02 Holandia 25 ST Patrick Kluivert
45%
2002/03 Holandia 21 ST Patrick Kluivert
45%
1995/96 Bośnia 15 ST Meho Kodro
3%
Nie znaleziono quizów pasujących do podanych kryteriów
Rozkład punktacji
Procent ludzi z każdym wynikiem
Percentyl według liczby udzielonych odpowiedzi
Twoja historia wyników
Nie rozwiązałeś tego quizu